Le Code noir et la traite des nègres : (Record no. 106397)

MARC details
000 -LEADER
campo de control de longitud fija 01223nam a2200289 i 4500
001 - NÚMERO DE CONTROL
campo de control 106397
003 - IDENTIFICADOR DE NÚMERO DE CONTROL
campo de control ES-MaACL
005 - FECHA Y HORA DE LA ÚLTIMA TRANSACCIÓN
campo de control 20250803063055.0
007 - CAMPO FIJO DE DESCRIPCIÓN FÍSICA--INFORMACIÓN GENERAL
campo de control de longitud fija t|
008 - DATOS DE LONGITUD FIJA--INFORMACIÓN GENERAL
campo de control de longitud fija 061110s1998 fr |||| | fre d
080 ## - NÚMERO DE LA CLASIFICACIÓN DECIMAL UNIVERSAL
Número de la Clasificación Decimal Universal 326:34(44)"17/18"
080 ## - NÚMERO DE LA CLASIFICACIÓN DECIMAL UNIVERSAL
Número de la Clasificación Decimal Universal 326(44)(091)
245 03 - MENCIÓN DEL TÍTULO
Título Le Code noir et la traite des nègres :
Resto del título texte intégral du Code de 1685, suivi du Code de 1724 suivi d'autres documents... /
Mención de responsabilidad, etc. enrichie d'une bibliographie de Victor Schoelcher par Anne Girollet ; textes choisis, annotés et préfacés par Jean-Marc Laleta-Ballini
250 ## - MENCION DE EDICION
Mención de edición 2ª éd.
260 ## - PUBLICACIÓN, DISTRIBUCIÓN, ETC.
Lugar de publicación, distribución, etc. Champigny-Sur-Marne :
Nombre del editor, distribuidor, etc. J.-M. Laleta-Ballini,
Fecha de publicación, distribución, etc. 1998
300 ## - DESCRIPCIÓN FÍSICA
Extensión 100 páginas ;
Dimensiones 21 cm
610 14 - PUNTO DE ACCESO ADICIONAL DE MATERIA--NOMBRE DE ENTIDAD CORPORATIVA
Nombre de entidad corporativa o nombre de jurisdicción como elemento de entrada Francia.
Título de la obra Code noir, 1685
9 (RLIN) 139585
610 14 - PUNTO DE ACCESO ADICIONAL DE MATERIA--NOMBRE DE ENTIDAD CORPORATIVA
Nombre de entidad corporativa o nombre de jurisdicción como elemento de entrada Francia.
Título de la obra Code noir, 1724
9 (RLIN) 241502
650 #4 - PUNTO DE ACCESO ADICIONAL DE MATERIA--TÉRMINO DE MATERIA
Término de materia o nombre geográfico como elemento de entrada Esclavitud-
Subdivisión geográfica América
9 (RLIN) 162982
700 1# - ENTRADA AGREGADA--NOMBRE PERSONAL
Nombre de persona Schoelcher, Victor,
Fechas asociadas al nombre 1804-1893
Término indicativo de función/relación Colaborador
9 (RLIN) 104601
700 1# - ENTRADA AGREGADA--NOMBRE PERSONAL
Nombre de persona Girollet, Anne
Término indicativo de función/relación Colaborador
9 (RLIN) 57265
700 1# - ENTRADA AGREGADA--NOMBRE PERSONAL
Nombre de persona Laleta-Ballini, Jean-Marc
Término indicativo de función/relación Autor de introducción
-- Editor
9 (RLIN) 69730
852 ## - LOCALIZACIÓN
Ubicación ES-MaACL
Sublocalización o colección R.139112
Ubicación en estantería Depósito 2
Marcas de propiedad Biblioteca Jacinto Martínez Lacalle
Donativo/Legado Donativo Jacinto Martínez Lacalle
Número de control de estantería E-11374
942 ## - ELEMENTOS DE ENTRADA SECUNDARIOS (KOHA)
Fuente del sistema de clasificación o colocación Clasificación decimal universal
Tipo de ítem Koha Libro impreso
Suprimir en OPAC No
Holdings
Estatus retirado Estado de pérdida Fuente del sistema de clasificación o colocación Estado de daño No para préstamo Biblioteca de origen Biblioteca actual Ubicación en estantería Fecha de adquisición Fuente de adquisición Total de préstamos Signatura topográfica completa Código de barras Visto por última vez Tipo de ítem Koha
    Clasificación decimal universal     Biblioteca del Ateneo de Madrid Biblioteca del Ateneo de Madrid Depósito 2 17/01/2008 Donación   E-11374 1111066 23/02/2023 Libro impreso